Bilecik Bilecik Bilecik Bilecik Bilecik

Yakın tarihin kara delikleri/ (Record no. 16955)

MARC details
000 -BAŞLIK
Sabit Uzunluktaki Kontrol Alanı 02896nam a22004097a 4500
001 - KONTROL NUMARASI
Control Dosyası 0016997
003 - KONTROL NUMARASI KİMLİĞİ
Kontrol Alanı KOHA_MİRAKIL
005 - EN SON İŞLEM TARİHİ ve ZAMANI
Kontrol Alanı 20260207002123.0
007 - FİZİKSEL TANIM SABİT ALAN - GENEL BİLGİ
Sabit uzunluklu kontrol alanı ta
008 - SABİT UZUNLUKTAKİ VERİ ÖGELERİ - GENEL BİLGİ
Sabit Alan 100505b2010 tu |||gr||||#0|||0|tur |
020 ## - ISBN - ULUSLARARASI STANDART KİTAP NUMARASI
Isbn 9789752635357
Kullanılabilirlik koşulları 14
040 ## - KATALOGLAMA KAYNAĞI
Özgün Kataloglama Kurumu TR-BiSEU
Kataloglama Dili tur
Çeviri Kurumu TR-BiSEU
Açıklama Kuralları rda
041 0# - DİL KODU
Metin ya da ses kaydının dil kodu tur
044 ## - YAYINLAYAN/ÜRETEN KURULUŞUN ÜLKE KODU
ISO country code tu
050 ## - SINIFLAMA ve YER NUMARASI
Sınıflama Numarası DR590
Yer Numarası .A76 2010
100 1# - KİŞİ ADI
Yazar Adı (Kişi adı) Armağan, Mustafa.
245 1# - ESER ADI BİLDİRİMİ
Başlık Yakın tarihin kara delikleri/
Sorumluluk Bildirimi Mustafa Armağan ; Mustafa Armağan.
264 #1 - ÜRERİM, YAYIN, DAĞITIM ve TELİF BİLDİRİMİ
Yayın yeri İstanbul :
Yayınlayan Timaş Yayınları
Yayın tarihi 2010
300 ## - FİZİKSEL TANIMLAMA
Sayfa, Cilt vb. 239 sayfa: resimli; 21 cm.
336 ## - İÇERİK TÜRÜ
Content type term metin
Content type code txt
Source rdacontent
337 ## - MEDYA TÜRÜ
Media type term aracısız
Media type code n
Source rdamedia
338 ## - TAŞIYICI TÜRÜ
Carrier type term cilt
Carrier type code nc
Source rdacarrier
490 1# - DİZİ BİLDİRİMİ
Dizi Bildirimi Timaş Yayınları ;
Cilt Numarası 1618.
490 1# - DİZİ BİLDİRİMİ
Dizi Bildirimi Osmanlı tarih Dizizsi ;
Cilt Numarası 17.
505 ## - İÇİNDEKİLER NOTU
İçindekiler Notu Mustafa Armağan'ın Küller Altında Yakın Tarih ile başladığı "yakın tarih" yolculuğu, Yakın Tarihin Kara Delikleri'nde çapını genişleterek devam ediyor. Kitabın satırlarında ilerlerken yakın tarih örtülerinden sıyrılışına tanık olacaksınız.
650 #0 - KONU BAŞLIĞI EK GİRİŞ - KONU TERİMİ
Konusal terim veya coğrafi ad Atatürk, Mustafa Kemal, 1881-1938.
9 (RLIN) 8428
650 #0 - KONU BAŞLIĞI EK GİRİŞ - KONU TERİMİ
Konusal terim veya coğrafi ad Conference on Near Eastern Affairs (1922-1923 : Lausanne,Switzerland).
9 (RLIN) 22646
650 #0 - KONU BAŞLIĞI EK GİRİŞ - KONU TERİMİ
Konusal terim veya coğrafi ad Armenians--Turkey.
9 (RLIN) 14208
650 #0 - KONU BAŞLIĞI EK GİRİŞ - KONU TERİMİ
Konusal terim veya coğrafi ad Armenian question.
9 (RLIN) 10589
650 #0 - KONU BAŞLIĞI EK GİRİŞ - KONU TERİMİ
Konusal terim veya coğrafi ad Turkey--History 20th century.
9 (RLIN) 12784
650 #0 - KONU BAŞLIĞI EK GİRİŞ - KONU TERİMİ
Konusal terim veya coğrafi ad Turkey--History Revolution, 1918-1923.
9 (RLIN) 13054
650 #0 - KONU BAŞLIĞI EK GİRİŞ - KONU TERİMİ
Konusal terim veya coğrafi ad Turkey--Politics and government.
9 (RLIN) 7156
830 1# - SERİ EK GİRİŞİ - TEKBİÇİM ESER ADI
Tekbiçim Başlık Timaş Yayınları ;
Volume number/sequential designation 1618.
9 (RLIN) 9767
830 1# - SERİ EK GİRİŞİ - TEKBİÇİM ESER ADI
Tekbiçim Başlık Osmanlı tarih Dizizsi ;
Volume number/sequential designation 17.
9 (RLIN) 39392
907 ## - LOCAL DATA ELEMENT G, LDG (RLIN)
a Tarih
942 ## - EK GİRİŞ ÖGELERİ (KOHA)
Source of classification or shelving scheme Library of Congress Classification
Koha item type Book
505 ## - İÇİNDEKİLER NOTU
--
-- * Vahdettin Sevr Antlaşması'nı imzaladı mı?
-- * Misak-ı Millî sınırları var mıydı?
-- * Atatürk hangi mektubunu unutturmak istedi?
-- * Mustafa Kemal'in Kerkük'n mesaj neydi?
-- * Mustafa Kemal, Vahdettin konusunda nasıl yanıltıldı?
-- * Kurtuluş Savaşı'na gönderilen Rus altınları borsada nasıl batırılmıştı?
-- * Soykırım iddialarını bitirmeye kararlı Osmanlı Sadrazam'ı kimdi?
-- * Ermeni'nin Ermeni'ye yaptığı tehciri biliyor musunuz?
-- * Menemen kışkırtması neyi örtüyordu?
-- * Menderes idamdan önceki son mektubunda hangi kehanette bulundu?
-- * Atatürk Mehmed Akif'i neden eleştirildi?
-- * Atatürk Masonluğa girmiş miydi?
-- * Çanakkale zaferi Abdülhamid'in gözbebeklerine mi mal olmuştu?
--
-- Yakın tarihimizi yeni bir gözle, adeta sandıklar önümüze yeni açılıyormuş gibi bir merak duygusuyla okumak, kaynakların satırlarını heyecanla sökmek ve yavuz hırsızların hafızamıza oynadıkları oyunu elbirliğiyle bozmak için seferber olmak... Mustafa Armağan'ın "Küller Altında Yakın Tarih" ile başladığı yakın tarih yolculuğu, "Yakın Tarihin Kara Delikleri"nde çapını genişleterek devam ediyor. Kitabın satırlarında ilerlerken yakın tarih örtülerinden sıyrılışına tanık olacaksınız.
Holdings
Materyal Türü Kalıcı Konum Mevcut Konum Raf Yeri Sınıflandırma Kaynağı Edinim Bilgisi Ana Konular Alt Konular Yer Numarası Demirbaş Numarası Fatura Tarihi Maliyet, Alış Fiyatı Maliyet, Yenileme Fiyatı Geri Çekilme Durumu Kayıp Durumu Hasarlı Durumu Kredi için değil Kayıt Tarih Toplam Ödünçverme Son Görülme Tarihi Son Kontrol Tarihi Genel / Bağış Notu
Book Prof. Dr. Azmi Özcan Kütüphanesi Prof. Dr. Azmi Özcan Kütüphanesi Uluğbey Salonu Library of Congress Classification Bağış DÜNYA TARİHİ (AVRUPA, ASYA, AFRİKA VB.) Balkan Yarımadası DR590 .A76 2010 0016997 13/08/2010 14.00 14.00         05/05/2010 9 05/12/2024 05/12/2024 Genel Bağış